书目信息 |
| 题名: |
魔芋栽培与加工利用
|
|
| 作者: | 张和义 编著 | |
| 分册: | ||
| 出版信息: | 北京 中国科学技术出版社 2017 |
|
| 页数: | 188页 | |
| 开本: | 21cm | |
| 丛书名: | 科普三农 强农惠农 | |
| 单 册: | ||
| 中图分类: | S632.3 | |
| 科图分类: | ||
| 主题词: | 芋--yu--蔬菜园艺 , 芋--yu--加工 | |
| 电子资源: | ||
| ISBN: | 978-7-5046-7483-8 | |
| 000 | 01075nam 2200277 450 | |
| 001 | 012001003291 | |
| 005 | 20140129172745.0 | |
| 010 | @a978-7-5046-7483-8@dCNY22.00 | |
| 099 | @aCAL 012017166474 | |
| 100 | @a20171027d2017 em y0chiy50 ea | |
| 101 | 0 | @achi |
| 102 | @aCN@b110000 | |
| 105 | @aak z 000yy | |
| 106 | @ar | |
| 200 | 1 | @a魔芋栽培与加工利用@Amo yu zai pei yu jia gong li yong@f张和义编著 |
| 210 | @a北京@c中国科学技术出版社@d2017 | |
| 215 | @a188页@c图@d21cm | |
| 225 | 2 | @a科普三农 强农惠农@Ake pu san nong qiang nong hui nong@i蔬菜系列 |
| 330 | @a本书内容包括:魔芋起源、分布、主要用途、生产发展前景及效益,魔芋的植物学特征、生长发育过程及对环境条件的要求,魔芋资源分布与主要栽培品种,魔芋繁殖与品种改良,魔芋栽培模式与栽培技术,魔芋采收、贮藏与运输,魔芋主要病害及主要虫害防治技术,魔芋加工和利用技术。 | |
| 410 | 0 | @12001 @a科普三农 强农惠农@i蔬菜系列 |
| 606 | 0 | @a芋@Ayu@x蔬菜园艺 |
| 606 | 0 | @a芋@Ayu@x加工 |
| 690 | @aS632.3@v5 | |
| 701 | 0 | @a张和义@Azhang he yi@4编著 |
| 801 | 2 | @aCN@b北京卓展@c20191020 |
| 905 | @b1211101-4@dS632.3@e576@f4 | |
| 魔芋栽培与加工利用/张和义编著.-北京:中国科学技术出版社,2017 |
| 188页:图;21cm.-(科普三农 强农惠农.蔬菜系列) |
| ISBN 978-7-5046-7483-8:CNY22.00 |
| 本书内容包括:魔芋起源、分布、主要用途、生产发展前景及效益,魔芋的植物学特征、生长发育过程及对环境条件的要求,魔芋资源分布与主要栽培品种,魔芋繁殖与品种改良,魔芋栽培模式与栽培技术,魔芋采收、贮藏与运输,魔芋主要病害及主要虫害防治技术,魔芋加工和利用技术。 |
| ● |
| 相关链接 |
|
|
|
|
正题名:魔芋栽培与加工利用
索取号:S632.3/576
 
预约/预借
| 序号 | 登录号 | 条形码 | 馆藏地/架位号 | 状态 | 备注 |
| 1 | 1211101 | 212111016 | 第二样本阅览室/ [索取号:S632.3/576] | 在馆 | |
| 2 | 1211102 | 212111025 | 第三借阅区/ [索取号:S632.3/576] | 在馆 | |
| 3 | 1211103 | 212111034 | 第三借阅区/ [索取号:S632.3/576] | 在馆 | |
| 4 | 1211104 | 212111043 | 第三借阅区/ [索取号:S632.3/576] | 在馆 |